000 00704nam a2200253Ia 4500
003 OSt
005 20221005040009.0
006 a|||||r|||| 00| 0
007 ta
008 221004b |||||||| |||| 00| 0 eng d
020 _c300
024 _a5222
037 _b693, 12/06/2013, H.K. Prakashan
_cTextual
040 _aCRL
_cCRL
_beng
041 _2eng
_aeng
082 _aU8.1, P9
100 _aMadanjit Singh
_9181555
245 0 _aTravelogues and reminiscences
260 _aDelhi
_bManpreet Parkashan India
_c2009
300 _a134p.
_ccm.
650 _aGEOGRAPHY
942 _hU8.1, P9
_cTEXL
_2cc
999 _c946178
_d946178